| 000 | 00719cam9a220020500 4500 | ||
|---|---|---|---|
| 001 | qcf00354255 | ||
| 005 | 20190826102357.0 | ||
| 008 | 790330s1949 be b 000 0 fre d | ||
| 035 | _a(Sirsi) r105071 | ||
| 035 | _a(QCAT)lss02282766 | ||
| 035 | _a(UPRA)qcf00354255 | ||
| 040 | _dUPRA | ||
| 100 | 1 |
_aBulck, Gaston van. _6A62069.1 |
|
| 245 | 1 | 0 | _aManuel de linguistique Bantoue. |
| 260 |
_aBruxelles : _blibr. Falk, G. van Campenhout, _c1949. |
||
| 490 | 0 |
_aInstitut royal colonial belge. Section des sciences morales et politiques. Memoires. Collection in-8 ; _vt. 17, fasc. 3 et dernier _6S9901.2 |
|
| 650 | 0 |
_aBantu languages. _6S3923.1 |
|
| 949 |
_aDT1.A2 _wlcc _i-149256 _mMAIN _tBOOK _lON-SHELF |
||
| 004 | 105071 | ||
| 999 |
_c164223 _d164223 |
||